| 000 | 00664nam a2200205Ia 4500 | ||
|---|---|---|---|
| 001 | 23723 | ||
| 003 | GE_BSU | ||
| 008 | 181216s||||||||xx |||||||||||||| ||und|| | ||
| 040 | _cGE_BSU | ||
| 245 | _aНовая и новейшая история №5 сентябрь-октябрь,2018 | ||
| 245 | _cГлавный ред:В.В Согрин, и др. | ||
| 260 | _aмосква | ||
| 260 | _c2018г | ||
| 300 | _a256 стр. 24 см. | ||
| 653 | _aИстория | ||
| 653 | _aНовая и новейшая история. №5 сентябрь-октябрь,2018 | ||
| 653 | _aПериодика | ||
| 653 | _aპერიოდიკა | ||
| 942 | _cCR | ||
| 999 |
_c56607 _d56607 |
||